| 000 | 01649nam a22002417a 4500 | ||
|---|---|---|---|
| 005 | 20240605111319.0 | ||
| 008 | 240605s1940 ck ||||fr|||| 00| p spa d | ||
| 040 |
_cSandra Yazo _dSandra Yazo |
||
| 041 | 0 | _aspa | |
| 082 | 0 | 4 |
_220 _a861 |
| 092 | _aE53N071 | ||
| 100 | 1 |
_aEloy, U. Miguel _9181194 |
|
| 245 | 1 | 0 |
_aPoesía popular del Norte de Santander. _bCoplas y ensaladillas coleccionadas _cpor Los Hermanos U. Miguel y Rodulfo Eloy |
| 260 |
_aCúcuta (norte de Santander) _bImprenta Departamental _c1940 |
||
| 300 |
_axvii, 290 páginas. _c22 x 16 cm. |
||
| 500 | _aDetalles físicos: Encuadernación en rústica: tapas de cartulina azul, la delantera, impresa en negro, con datos de la obra. Hoja de cortesía. Portada impresa en una sola tinta. Texto en una sola columna, con diferentes tipos y tamaños de letras. Ejemplar cosido con ganchos. Fe de erratas. Remates decorativos. Tapa delantera con rotura. Papel del lomo, desgarrado. Última página y tapa posterior casi desprendida. | ||
| 505 | 0 | _aNotas preliminares ; PARTE 1 – 3: Retratos y Canciones ; El din de una jornada ; Entre semana ; Mañana me voy ; El campesino también goza ; En contacto con la naturaleza ; Picanza ; En tono festivo -- Formas paralelas ; Paralelismo ; Concatenación ; Triste está mi corazón ; La filosofía popular y las coplas ; A Través de la copla -- El espejo en que me miro ; Una vez que me miraste ; Me gusta el nombre de Rosa | |
| 506 | _aConsulta en sala | ||
| 650 | 7 |
_921792 _aPoesía colombiana _zSantander |
|
| 690 |
_aLiteratura colombiana _918629 |
||
| 700 | 1 |
_aEloy, Rodolfo _9181195 |
|
| 942 |
_2LOCAL _cLIBRO _e1 _hE53N071 |
||
| 999 |
_c324305 _d324305 |
||